[Event "Rhein Main op-A 14th"]
[Site "Bad Homburg"]
[Date "2011.06.24"]
[Round "4"]
[White "Zelba, Maurizio"]
[Black "Zimmer, Gerald"]
[Result "1-0"]
[WhiteElo "2066"]
[BlackElo "1944"]
[PlyCount "57"]
[EventDate "2011.06.22"]
[EventType "swiss"]
[EventRounds "7"]
[EventCountry "GER"]
[SourceTitle "EXT 2012"]
[Source "ChessBase"]
[SourceDate "2011.11.24"]
[SourceVersion "1"]
[SourceVersionDate "2011.11.24"]
[SourceQuality "1"]

1. d4 Nf6 2. c4 g6 3. Nc3 Bg7 4. e4 d6 5. Nf3 0-0 6. Be2 c5 7. d5 Nbd7 8. Bg5 Qa5 9. Qd2 Re8 10. 0-0 Ng4 11. Rae1 a6 12. Nh4 Nb6 13. Nf3 Qb4 14. a3 Qb3 15. Bd1 Qxc4 16. Qc2 Bxc3 17. Be2 Qa4 18. Qxc3 f6 19. Bc1 Qxe4 20. Bb5 Nxd5 21. Qb3 Qf5 22. Bxe8 Be6 23. Nh4 Qh5 24. Rxe6 Rxe8 25. h3 Ne5 26. Qxd5 Kg7 27. f4 Qxh4 28. fxe5 fxe5 29. Qf3 1-0

[Event "Rhein Main op 12th"]
[Site "Bad Homburg"]
[Date "2009.06.12"]
[Round "4"]
[White "Zelba, Maurizio"]
[Black "Fischer, Ulrich"]
[Result "1-0"]
[WhiteElo "2067"]
[BlackElo "1672"]
[PlyCount "137"]
[EventDate "2009.06.10"]
[EventType "swiss"]
[EventRounds "7"]
[EventCountry "GER"]
[SourceTitle "CBM 131 Extra"]
[Source "ChessBase"]
[SourceDate "2009.09.03"]
[SourceVersion "2"]
[SourceVersionDate "2009.09.16"]
[SourceQuality "1"]

1. d4 d5 2. c4 e6 3. Nf3 c5 4. cxd5 exd5 5. g3 Nf6 6. Bg2 Be7 7. 0-0 0-0 8. Nc3 Nc6 9. Bg5 cxd4 10. Nxd4 h6 11. Be3 Re8 12. h3 Be6 13. Rc1 Qd7 14. Kh2 Bf8 15. Qa4 Rac8 16. Rfd1 Qe7 17. a3 Ne5 18. Nxe6 fxe6 19. Rc2 b6 20. Rdc1 Rc4 21. Qb5 Qd7 22. Qxd7 Nexd7 23. b3 Rc6 24. Nxd5 Rxc2 25. Nxf6+ Nxf6 26. Rxc2 Bxa3 27. Ra2 Bc5 28. Bxc5 bxc5 29. Rxa7 Rb8 30. Ra8 Rxa8 31. Bxa8 e5 32. Kg2 Kf7 33. Kf3 Ke6 34. Ke3 Kd6 35. Kd3 Nd7 36. e3 g5 37. Ke4 Ke6 38. Bd5+ Kf6 39. Bc6 Nb6 40. f4 exf4 41. exf4 gxf4 42. Kxf4 Ke6 43. Ke4 Nc8 44. Bd5+ Kf6 45. Bc4 Ne7 46. h4 Nf5 47. Kd5 Nxg3 48. Kxc5 Ne4+ 49. Kd5 Nd2 50. b4 Nb1 51. Kd4 Ke7 52. Ke5 Nd2 53. Bd5 Nf1 54. b5 Ne3 55. b6 Kd7 56. b7 Kc7 57. Bf3 Nc4+ 58. Kf6 Kb8 59. Kg7 Ne5 60. Be4 Ng4 61. Kg6 Kc7 62. h5 Kb8 63. Bh1 Kc7 64. Kf5 Ne3+ 65. Kf4 Nf1 66. Bg2 Nd2 67. Kf5 Nc4 68. Kg6 Ne3 69. Bf3 1-0

[Event "Hessenliga 0304"]
[Site "Germany"]
[Date "2004.03.14"]
[Round "8.3"]
[White "Zelba, Maurizio"]
[Black "Mueller, Thorsten"]
[Result "0-1"]
[WhiteElo "2114"]
[BlackElo "2077"]
[PlyCount "62"]
[EventDate "2003.10.??"]
[EventType "team"]
[EventRounds "9"]
[EventCountry "GER"]
[SourceTitle "EXT 2005"]
[Source "ChessBase"]
[SourceDate "2004.11.15"]
[SourceVersion "1"]
[SourceVersionDate "2004.11.15"]
[SourceQuality "1"]
[WhiteTeam "Limburg"]
[BlackTeam "Offenbach II"]
[WhiteTeamCountry "GER"]
[BlackTeamCountry "GER"]

1. d4 e6 2. c4 Nf6 3. Nc3 Bb4 4. e3 0-0 5. Bd3 d5 6. Nf3 c5 7. a3 Bxc3+ 8. bxc3 Nc6 9. 0-0 Qa5 10. Qc2 Re8 11. Rb1 a6 12. Nd2 cxd4 13. cxd4 e5 14. cxd5 Qxd5 15. Ne4 exd4 16. Nxf6+ gxf6 17. Bxh7+ Kg7 18. e4 Qh5 19. Bf5 Rh8 20. Bf4 Ne5 21. Bxc8 Raxc8 22. Qd1 Qg6 23. f3 Rc3 24. Rb6 Nd3 25. Bd6 Qg5 26. Qe2 Nf4 27. Bxf4 Qxf4 28. g3 Qc7 29. Qb2 Rc2 30. Rxb7 Qc4 31. Qb3 Rhxh2 0-1

[Event "Bad Zwesten op 8th"]
[Site "Bad Zwesten"]
[Date "2004.01.07"]
[Round "9"]
[White "Zelba, Maurizio"]
[Black "Kummerow, Heiko"]
[Result "0-1"]
[WhiteElo "2118"]
[BlackElo "2307"]
[PlyCount "54"]
[EventDate "2004.01.??"]
[EventType "swiss"]
[EventRounds "9"]
[EventCountry "GER"]
[SourceTitle "CBM 098 Extra"]
[Source "ChessBase"]
[SourceDate "2004.03.10"]
[SourceVersion "2"]
[SourceVersionDate "2004.03.10"]
[SourceQuality "1"]

1. d4 f5 2. e4 fxe4 3. Nc3 Nf6 4. Bg5 Nc6 5. d5 Ne5 6. Qe2 c6 7. 0-0-0 cxd5 8. Nxd5 e6 9. f4 Nf7 10. Bxf6 gxf6 11. Qxe4 f5 12. Qe3 Bg7 13. Qc5 d6 14. Nc7+ Ke7 15. Qc4 b5 16. Nxb5 Ba6 17. Re1 Qd7 18. Qa4 Bb7 19. Nc3 Qxa4 20. Nxa4 Rab8 21. Nf3 Bh6 22. Kb1 Bxf4 23. Bd3 Ne5 24. Nd4 Nxd3 25. cxd3 Be5 26. Nf3 Bf6 27. Rhf1 Bc6 0-1

[Event "Bad Zwesten op 8th"]
[Site "Bad Zwesten"]
[Date "2004.01.05"]
[Round "6"]
[White "Karpatchev, Aleksandr"]
[Black "Zelba, Maurizio"]
[Result "1-0"]
[WhiteElo "2459"]
[BlackElo "2118"]
[PlyCount "37"]
[EventDate "2004.01.??"]
[EventType "swiss"]
[EventRounds "9"]
[EventCountry "GER"]
[SourceTitle "CBM 098 Extra"]
[Source "ChessBase"]
[SourceDate "2004.03.10"]
[SourceVersion "2"]
[SourceVersionDate "2004.03.10"]
[SourceQuality "1"]

1. e4 c5 2. c3 d5 3. exd5 Qxd5 4. d4 Nf6 5. Nf3 Bg4 6. dxc5 Qxc5 7. Na3 Nc6 8. Be3 Qa5 9. Qb3 Bxf3 10. gxf3 Rb8 11. Bb5 Qc7 12. Bxa7 Ra8 13. Be3 e5 14. Nc4 Nd7 15. 0-0-0 Nc5 16. Bxc5 Bxc5 17. Rd5 Bxf2 18. Qb4 f6 19. Rhd1 1-0

[Event "Hessenliga 0304"]
[Site "Germany"]
[Date "2003.12.07"]
[Round "4.2"]
[White "Karabalis, Harilos"]
[Black "Zelba, Maurizio"]
[Result "1-0"]
[WhiteElo "2249"]
[BlackElo "2114"]
[PlyCount "115"]
[EventDate "2003.10.??"]
[EventType "team"]
[EventRounds "9"]
[EventCountry "GER"]
[SourceTitle "EXT 2005"]
[Source "ChessBase"]
[SourceDate "2004.11.15"]
[SourceVersion "1"]
[SourceVersionDate "2004.11.15"]
[SourceQuality "1"]
[WhiteTeam "Frankfurt BvK"]
[BlackTeam "Limburg"]
[WhiteTeamCountry "GER"]
[BlackTeamCountry "GER"]

1. e4 c5 2. Ne2 Nc6 3. Nbc3 Nf6 4. g3 d6 5. Bg2 g6 6. d3 Bg7 7. h3 0-0 8. Be3 Rb8 9. Qd2 Re8 10. f4 Nd7 11. d4 cxd4 12. Nxd4 Nxd4 13. Bxd4 Bxd4 14. Qxd4 Qb6 15. Qd2 Qxb2 16. 0-0 Qb6+ 17. Kh2 Qa5 18. Rab1 a6 19. f5 Ne5 20. Rb3 Bd7 21. Qh6 f6 22. Nd5 g5 23. g4 Bb5 24. Rd1 Be2 25. Rdb1 b5 26. Rc3 Bc4 27. Rxc4 Nxc4 28. e5 Nxe5 29. Rb4 Nf7 30. Qh5 Rbc8 31. Re4 Ne5 32. Re2 Kg7 33. h4 Qa4 34. hxg5 Qxg4 35. Qh6+ Kh8 36. Rxe5 Rxc2 37. Qxf6+ exf6 38. Rxe8+ Kg7 39. Re7+ Kf8 40. Re8+ Kf7 41. Re7+ Kf8 42. Re8+ Kxe8 43. Nxf6+ Kf8 44. Nxg4 Rxa2 45. Kg3 b4 46. Nf6 Kg7 47. Bd5 Ra3+ 48. Kf4 b3 49. Nh5+ Kf8 50. g6 Ra4+ 51. Kf3 hxg6 52. fxg6 b2 53. g7+ Ke7 54. g8Q b1Q 55. Qg5+ Kd7 56. Nf6+ Kc8 57. Qg8+ Kc7 58. Qf7+ 1-0

[Event "Dortmund op-A"]
[Site "Dortmund"]
[Date "2003.08.04"]
[Round "4"]
[White "Mittelbachert, Ulrich"]
[Black "Zelba, Maurizio"]
[Result "0-1"]
[WhiteElo "2052"]
[BlackElo "2114"]
[PlyCount "72"]
[EventDate "2003.08.01"]
[EventType "swiss"]
[EventRounds "9"]
[EventCountry "GER"]
[SourceTitle "CBM 095 Extra"]
[Source "ChessBase"]
[SourceDate "2003.09.04"]
[SourceVersion "1"]
[SourceVersionDate "2003.09.04"]
[SourceQuality "1"]

1. Nf3 f5 2. d3 Nf6 3. e4 fxe4 4. dxe4 Nxe4 5. Bd3 Nf6 6. Ng5 d6 7. Nxh7 Nxh7 8. Qh5+ Kd7 9. Bxh7 e6 10. h4 Nc6 11. Bf4 Qf6 12. Bc1 Ne7 13. Qb5+ c6 14. Qd3 g6 15. Nc3 Qe5+ 16. Be3 Rxh7 17. g4 Bh6 18. Rh3 d5 19. 0-0-0 Bxe3+ 20. Rxe3 Qf4 21. Kb1 Kc7 22. h5 Qxg4 23. Ne4 Qf4 24. hxg6 Nxg6 25. Nc5 Qf5 26. Qb3 b6 27. Rf3 Qg4 28. Qd3 bxc5 29. Rg3 Qf5 30. Qa3 Kd6 31. b4 Rb8 32. Rb3 Rxb4 33. Rxb4 cxb4 34. Qxb4+ c5 35. Qb8+ Rc7 36. Kb2 Ne5 0-1

[Event "Bad Zwesten op 7th"]
[Site "Bad Zwesten"]
[Date "2003.??.??"]
[Round "9"]
[White "Zelba, Maurizio"]
[Black "Stein, Marco"]
[Result "1/2-1/2"]
[WhiteElo "1943"]
[BlackElo "2089"]
[PlyCount "28"]
[EventDate "2003.01.02"]
[EventType "swiss"]
[EventRounds "9"]
[EventCountry "GER"]
[SourceTitle "CBM 092 Extra"]
[Source "ChessBase"]
[SourceDate "2003.03.07"]
[SourceVersion "1"]
[SourceVersionDate "2003.03.07"]
[SourceQuality "1"]

1. d4 Nf6 2. c4 e6 3. Nc3 d5 4. Bg5 c6 5. e3 Nbd7 6. cxd5 exd5 7. Bd3 Be7 8. Nf3 0-0 9. 0-0 Re8 10. Qe2 Nf8 11. Rae1 Ne4 12. Bxe7 Qxe7 13. Nd2 Bf5 14. Nb3 Nd7 1/2-1/2

[Event "Baunatal op 8th"]
[Site "Baunatal"]
[Date "2002.08.11"]
[Round "6"]
[White "Zelba, Maurizio"]
[Black "Henrich, Holger"]
[Result "1/2-1/2"]
[WhiteElo "1925"]
[BlackElo "2149"]
[PlyCount "65"]
[EventDate "2002.08.09"]
[EventType "swiss"]
[EventRounds "7"]
[EventCountry "GER"]
[SourceTitle "EXT 2003"]
[Source "ChessBase"]
[SourceDate "2002.11.25"]
[SourceVersion "1"]
[SourceVersionDate "2002.11.25"]
[SourceQuality "1"]

1. d4 e6 2. c4 Nf6 3. Nc3 d5 4. Bg5 Nbd7 5. cxd5 exd5 6. e3 Bb4 7. Qc2 c5 8. a3 Qa5 9. Rc1 Bxc3+ 10. Qxc3 Qxc3+ 11. bxc3 c4 12. Be2 0-0 13. Bf3 Re8 14. Bxf6 Nxf6 15. h3 Bf5 16. Ne2 b5 17. Nf4 Red8 18. g4 Be4 19. Bxe4 dxe4 20. Rb1 a6 21. 0-0 g5 22. Ne2 Nd5 23. Rfc1 h5 24. Ng3 hxg4 25. Nxe4 f5 26. Nxg5 Rd6 27. hxg4 Rg6 28. Nf3 Rxg4+ 29. Kf1 Ra7 30. Ke2 Rg2 31. Rc2 Re7 32. Ne5 Nf6 33. Rf1 1/2-1/2

[Event "Baunatal op 8th"]
[Site "Baunatal"]
[Date "2002.08.10"]
[Round "4"]
[White "Zelba, Maurizio"]
[Black "Giel, Olaf"]
[Result "1/2-1/2"]
[WhiteElo "1925"]
[BlackElo "2152"]
[PlyCount "40"]
[EventDate "2002.08.09"]
[EventType "swiss"]
[EventRounds "7"]
[EventCountry "GER"]
[SourceTitle "EXT 2003"]
[Source "ChessBase"]
[SourceDate "2002.11.25"]
[SourceVersion "1"]
[SourceVersionDate "2002.11.25"]
[SourceQuality "1"]

1. d4 Nf6 2. c4 e5 3. dxe5 Ng4 4. Bf4 Nc6 5. Nf3 Bb4+ 6. Nbd2 Qe7 7. e3 Ngxe5 8. Nxe5 Nxe5 9. Be2 d6 10. 0-0 Bd7 11. Nb3 Ba4 12. Qd5 c6 13. Qd4 Bxb3 14. axb3 0-0 15. Rfd1 Rfe8 16. Ra4 a5 17. Raa1 Rad8 18. Rac1 Qe6 19. Bg3 h6 20. h3 Bc5 1/2-1/2

[Event "Baunatal op 8th"]
[Site "Baunatal"]
[Date "2002.08.09"]
[Round "2"]
[White "Zelba, Maurizio"]
[Black "Knickel, Aaron"]
[Result "1-0"]
[WhiteElo "1925"]
[BlackElo "1558"]
[PlyCount "59"]
[EventDate "2002.08.09"]
[EventType "swiss"]
[EventRounds "7"]
[EventCountry "GER"]
[SourceTitle "EXT 2003"]
[Source "ChessBase"]
[SourceDate "2002.11.25"]
[SourceVersion "1"]
[SourceVersionDate "2002.11.25"]
[SourceQuality "1"]

1. d4 d5 2. c4 e6 3. Nc3 Nf6 4. Bg5 Nbd7 5. cxd5 exd5 6. Nf3 c6 7. e3 Qa5 8. Qc2 Bb4 9. Bd3 0-0 10. 0-0 h6 11. Bh4 Re8 12. a3 Bxc3 13. bxc3 Qc7 14. c4 dxc4 15. Bxc4 Qd6 16. Rfe1 Nb6 17. Bd3 Bg4 18. Ne5 Bd7 19. Rab1 Rad8 20. Qe2 Bc8 21. Qf3 Nbd5 22. Bc4 Be6 23. Rxb7 Qxa3 24. Bxf6 Nxf6 25. Bxe6 Rxe6 26. Nxf7 Rxd4 27. Qf5 Rde4 28. Nxh6+ Kf8 29. Qg6 Re7 30. Rb8+ 1-0

[Event "DLM U20"]
[Site "Werfen"]
[Date "2002.08.01"]
[Round "6.4"]
[White "Zelba, Maurizio"]
[Black "Nasshan, Dennis"]
[Result "1/2-1/2"]
[WhiteElo "1924"]
[BlackElo "1859"]
[PlyCount "41"]
[EventDate "2002.07.28"]
[EventType "team-swiss"]
[EventRounds "7"]
[EventCountry "GER"]
[SourceTitle "CBM 089 Extra"]
[Source "ChessBase"]
[SourceDate "2002.09.10"]
[SourceVersion "2"]
[SourceVersionDate "2002.09.10"]
[SourceQuality "1"]

1. d4 Nf6 2. c4 e6 3. Nc3 Bb4 4. e3 b6 5. Nge2 Bb7 6. a3 Be7 7. Nf4 d5 8. cxd5 exd5 9. Bd3 a5 10. Bb1 Nbd7 11. 0-0 0-0 12. Qf3 Kh8 13. Qh3 c6 14. g4 g5 15. Nh5 Nxh5 16. Qxh5 Nf6 17. Qh6 Rg8 18. Kh1 Rg7 19. f3 Bc8 20. Rf2 Qd6 21. Qh3 1/2-1/2

[Event "DLM U20"]
[Site "Werfen"]
[Date "2002.07.29"]
[Round "2.4"]
[White "Zelba, Maurizio"]
[Black "Trella, Thomas"]
[Result "1/2-1/2"]
[WhiteElo "1924"]
[BlackElo "1832"]
[PlyCount "77"]
[EventDate "2002.07.28"]
[EventType "team-swiss"]
[EventRounds "7"]
[EventCountry "GER"]
[SourceTitle "CBM 089 Extra"]
[Source "ChessBase"]
[SourceDate "2002.09.10"]
[SourceVersion "2"]
[SourceVersionDate "2002.09.10"]
[SourceQuality "1"]

1. d4 d5 2. c4 e6 3. Nc3 Nf6 4. Bg5 Nbd7 5. cxd5 exd5 6. Nf3 c6 7. e3 Be7 8. Bd3 0-0 9. 0-0 Re8 10. Qc2 g6 11. Nd2 Nh5 12. Bxe7 Qxe7 13. Rae1 Nb6 14. Nf3 Be6 15. Qc1 Qc7 16. b3 Rad8 17. Bb1 Nc8 18. Ne5 f6 19. Nd3 Nd6 20. f3 f5 21. Nc5 Nf6 22. e4 dxe4 23. fxe4 Ndxe4 24. N3xe4 Nxe4 25. Bxe4 fxe4 26. Nxe4 Kh8 27. Nf6 Re7 28. d5 Bxd5 29. Qc3 Rxe1 30. Nxd5+ Qg7 31. Rxe1 cxd5 32. Qxg7+ Kxg7 33. Re7+ Kf6 34. Rxb7 d4 35. Kf2 Ke5 36. Ke2 Rc8 37. Kd2 Rf8 38. Ke2 Rc8 39. Kd2 1/2-1/2

[Event "GER-ch U14"]
[Site "Winterberg"]
[Date "2002.05.25"]
[Round "9"]
[White "Zelba, Maurizio"]
[Black "Zebisch, Paul"]
[Result "1-0"]
[WhiteElo "1807"]
[BlackElo "1654"]
[PlyCount "61"]
[EventDate "2002.05.19"]
[EventType "swiss"]
[EventRounds "9"]
[EventCountry "GER"]
[SourceTitle "CBM 088 Extra"]
[Source "ChessBase"]
[SourceDate "2002.07.01"]
[SourceVersion "2"]
[SourceVersionDate "2002.07.01"]
[SourceQuality "1"]

1. d4 Nf6 2. c4 g6 3. Nc3 Bg7 4. e4 d6 5. Nf3 0-0 6. Be2 e5 7. 0-0 Nc6 8. d5 Ne7 9. Nd2 a5 10. a3 Bd7 11. b3 c6 12. Rb1 b5 13. f3 cxd5 14. Nxd5 Nexd5 15. cxd5 Qb6+ 16. Kh1 Rfc8 17. a4 Nh5 18. Bxb5 Bxb5 19. axb5 Qxb5 20. Ba3 Qd7 21. Nc4 Ra6 22. Qd3 Nf4 23. Qe3 Qd8 24. g3 Nh5 25. Qe2 Qg5 26. Nxd6 Rc3 27. Qxa6 Nxg3+ 28. hxg3 Rc2 29. Qa8+ Bf8 30. Nf5 Qh5+ 31. Nh4 1-0

[Event "GER-ch U14"]
[Site "Winterberg"]
[Date "2002.05.23"]
[Round "7"]
[White "Zelba, Maurizio"]
[Black "Siebarth, Raiko"]
[Result "0-1"]
[WhiteElo "1807"]
[BlackElo "2020"]
[PlyCount "100"]
[EventDate "2002.05.19"]
[EventType "swiss"]
[EventRounds "9"]
[EventCountry "GER"]
[SourceTitle "CBM 088 Extra"]
[Source "ChessBase"]
[SourceDate "2002.07.01"]
[SourceVersion "2"]
[SourceVersionDate "2002.07.01"]
[SourceQuality "1"]

1. d4 Nf6 2. c4 g6 3. Nc3 Bg7 4. e4 d6 5. Nf3 0-0 6. Be2 e5 7. 0-0 Nc6 8. d5 Ne7 9. Nd2 a5 10. a3 Nd7 11. Rb1 f5 12. b4 Nf6 13. f3 f4 14. c5 axb4 15. axb4 g5 16. Nc4 h5 17. Ba3 Ne8 18. b5 Rf6 19. b6 dxc5 20. Bxc5 Ng6 21. bxc7 Qxc7 22. Bb6 Qd7 23. Bf2 Qc7 24. Nb5 Qd8 25. Na7 Nd6 26. Nxc8 Nxc4 27. Bxc4 Qxc8 28. Qb3 b6 29. Rfc1 Kh7 30. Bb5 Qg8 31. Rc7 Kh8 32. Bc6 Rb8 33. Ra1 g4 34. Raa7 Bf8 35. Bd7 Bd6 36. Rcb7 Rxb7 37. Rxb7 g3 38. hxg3 fxg3 39. Bxb6 Qf8 40. Qc3 Bb4 41. Qc7 Rxb6 42. Rxb6 Qc5+ 43. Qxc5 Bxc5+ 44. Kf1 Bxb6 45. Be8 Nf4 46. Bd7 Kg7 47. Bf5 Kf6 48. Bc8 h4 49. Bg4 Kg5 50. Bc8 h3 0-1

[Event "GER-ch U14"]
[Site "Winterberg"]
[Date "2002.05.19"]
[Round "2"]
[White "Fruebing, Stefan"]
[Black "Zelba, Maurizio"]
[Result "1-0"]
[WhiteElo "2092"]
[BlackElo "1807"]
[PlyCount "77"]
[EventDate "2002.05.19"]
[EventType "swiss"]
[EventRounds "9"]
[EventCountry "GER"]
[SourceTitle "CBM 088 Extra"]
[Source "ChessBase"]
[SourceDate "2002.07.01"]
[SourceVersion "2"]
[SourceVersionDate "2002.07.01"]
[SourceQuality "1"]

1. e4 c5 2. Nc3 Nc6 3. Nf3 e6 4. Be2 d6 5. d4 cxd4 6. Nxd4 Nf6 7. 0-0 e5 8. Nb3 a6 9. f4 Be7 10. f5 0-0 11. Bc4 b5 12. Bd5 Bb7 13. a3 Qb6+ 14. Kh1 b4 15. axb4 Nxb4 16. Bxb7 Qxb7 17. Na5 Qd7 18. Bg5 Rac8 19. Qe2 Nc6 20. Nxc6 Rxc6 21. Rxa6 Rb8 22. Rxc6 Qxc6 23. Nd5 Nxd5 24. exd5 Qb7 25. Bxe7 Qxe7 26. b3 Qa7 27. f6 Qc5 28. Qg4 g6 29. Qg5 Qc8 30. Qh6 Qf8 31. Qxf8+ Kxf8 32. Rf3 Ra8 33. g4 Ra1+ 34. Kg2 Rd1 35. Rd3 Rxd3 36. cxd3 Ke8 37. Kf3 Kd7 38. Ke4 Kc7 39. d4 1-0

[Event "Baunatal op 7th"]
[Site "Baunatal"]
[Date "2001.08.08"]
[Round "1"]
[White "Reschke, Stefan"]
[Black "Zelba, Maurizio"]
[Result "1-0"]
[WhiteElo "2376"]
[BlackElo "1825"]
[PlyCount "51"]
[EventDate "2001.08.08"]
[EventType "swiss"]
[EventRounds "7"]
[EventCountry "GER"]
[SourceTitle "EXT 2002"]
[Source "ChessBase"]
[SourceDate "2001.11.25"]
[SourceVersion "1"]
[SourceVersionDate "2001.11.25"]
[SourceQuality "1"]

1. Nf3 Nf6 2. g3 d5 3. Bg2 Bf5 4. c4 c6 5. Qb3 Qc8 6. cxd5 cxd5 7. Nc3 e6 8. d3 Nc6 9. Bf4 a6 10. 0-0 Nd7 11. Rac1 Nc5 12. Qd1 Be7 13. b4 Nd7 14. e4 dxe4 15. dxe4 Bg6 16. Nd5 exd5 17. exd5 0-0 18. dxc6 bxc6 19. Nd4 c5 20. Nc6 Bf6 21. bxc5 Re8 22. Qd5 Bd8 23. Nxd8 Rxd8 24. Qxa8 Qxa8 25. Bxa8 Rxa8 26. Rfd1 1-0